000 00779nam a2200277 4500
001 000
005 20150526122212.0
007 000
008 000
010 _a 73000009
020 _a0471788597
040 _aUOEL
_cDLC
_dDLC
050 0 0 _aRef G70
_b.S56 1973
082 0 0 _a910/.21/2
100 1 _aShowers, Victor,
_d1910-
245 1 4 _aThe world in figures.
260 _aNew York,
_bWiley
_c[1973]
300 _axii, 585 p.
_billus.
_c26 cm.
500 _a"A Wiley-Interscience publication."
500 _aRev. ed. (c1979) published under title: World facts and figures.
504 _aBibliography: p. 535-542.
650 0 _aGeography
_xTables.
650 0 _aCities and towns
_xStatistics.
906 _a7
_bcbc
_corignew
_d1
_eocip
_f19
_gy-gencatlg
942 _2lcc
_cREF
999 _c8767
_d8767